000 00505nam a22001937a 4500
003 OSt
005 20140310182435.0
008 130220t xxu||||| |||| 00| 0 eng d
020 _a9780853699002
050 _aRA 975.5
_b.H828 2011
245 _aHospital pharmacy
_cMartin Stephens
250 _a2nd ed.
260 _aLondon
_bPharmaceutical Press
_c2011
300 _axxxiii, 313 p. : ill.
_c24 cm.
541 _j1
562 _e1
650 _aHospital Pharmacy
_98264
942 _2lcc
_cSSLC
999 _c13425
_d13425